[Event "Mezinarodni turnaj - CALLIDITAS OPEN"]
[Site "Plzen"]
[Date "2020.08.29"]
[Round "8.27"]
[White "Dudova, Pavlina"]
[Black "Mametev, Artem"]
[Result "1/2-1/2"]
[WhiteElo "1496"]
[BlackElo "1479"]
[PlyCount "156"]
[EventDate "2020.08.23"]

1. e4 c5 2. Nf3 e6 3. d4 cxd4 4. Nxd4 a6 5. Nc3 b5 6. Bd3 Bb7 7. Qe2 Qc7 8. O-O
Nc6 9. Nxc6 Bxc6 10. Bd2 Nf6 11. Kh1 Bc5 12. f4 b4 13. Nd1 Qb7 14. e5 Nd5 15.
Nf2 Nxf4 16. Bxf4 Bxg2+ 17. Kg1 Bxf1 18. Rxf1 Qc7 19. Qf3 Ra7 20. Qg3 Kf8 21.
Be3 d5 22. Kh1 Bxe3 23. Qxe3 Ke7 24. Qg5+ Kf8 25. Rg1 g6 26. Ng4 Qe7 27. Qh6+
Ke8 28. Rf1 Kd7 29. Qg7 Rf8 30. Nf6+ Kc6 31. Nxh7 Rd8 32. Rf6 Qc7 33. Rf4 Rd7
34. Qf6 Qd8 35. Qxd8 Rxd8 36. Ng5 Rdd7 37. Rxb4 Rab7 38. Rxb7 Rxb7 39. b3 Ra7
40. Kg2 Kc5 41. Nf3 a5 42. a4 Ra8 43. Kg3 d4 44. Kg4 Kd5 45. Kg5 Rh8 46. h4
Rh5+ 47. Kf6 Rh7 48. Ng5 Rxh4 49. Nxf7 Rf4+ 50. Kxg6 Rg4+ 51. Kf6 Rf4+ 52. Ke7
Rf2 53. Ng5 Kxe5 54. Nxe6 Kd5 55. Nc7+ Kc6 56. Nb5 Kc5 57. Ke6 Rh2 58. Ke5 Rh4
59. Bf5 d3 60. Bxd3 Kb4 61. Nd4 Kc5 62. Ne6+ Kb4 63. Kd5 Kc3 64. Kc5 Rb4 65.
Nd8 Rh4 66. Nc6 Rh5+ 67. Kb6 Rh6 68. Bb5 Kxc2 69. Kxa5 Kxb3 70. Kb6 Rh8 71. a5
Ra8 72. Na7 Kb4 73. a6 Rb8+ 74. Kc7 Ra8 75. Kb7 Rg8 76. Bc6 Ka5 77. Nb5 Rg7+
78. Nc7 Rxc7+ 1/2-1/2

[Event "Mezinarodni turnaj - CALLIDITAS OPEN"]
[Site "Plzen"]
[Date "2020.08.29"]
[Round "8.30"]
[White "Stepanek, Vit"]
[Black "Kalista, Karel"]
[Result "0-1"]
[WhiteElo "1539"]
[BlackElo "1656"]
[PlyCount "116"]
[EventDate "2020.08.23"]

1. e4 e5 2. Nf3 Nf6 3. Nxe5 d6 4. Nf3 Nxe4 5. Qe2 Qe7 6. d3 Nf6 7. Bg5 Nbd7 8.
Nc3 c6 9. O-O-O h6 10. Qxe7+ Bxe7 11. Bf4 O-O 12. Re1 Re8 13. g3 Nf8 14. Bg2
Bd7 15. h3 Ng6 16. Bd2 d5 17. Re2 Bb4 18. Rhe1 Kf8 19. a3 Ba5 20. b4 Bc7 21.
Na4 b6 22. Bc3 Bd6 23. Ne5 Nxe5 24. Bxe5 Bxe5 25. Rxe5 Rxe5 26. Rxe5 Re8 27.
Rxe8+ Kxe8 28. c4 c5 29. Nc3 d4 30. Ne2 Ke7 31. g4 g5 32. f4 Kd6 33. Kd2 gxf4
34. Nxf4 Ke5 35. Ne2 Ng8 36. Bd5 Be8 37. Ke1 Ne7 38. Be4 f6 39. Kf2 Bg6 40.
Bxg6 Nxg6 41. Kg3 f5 42. gxf5 Kxf5 43. b5 Kg5 44. a4 h5 45. Ng1 h4+ 46. Kf3 Kf5
47. Ke2 Kf4 48. Kf2 Ne5 49. Ne2+ Kf5 50. Nc1 Ng6 51. Kg2 Nf4+ 52. Kh2 Kg5 53.
Nb3 Nxd3 54. a5 Nb4 55. axb6 axb6 56. Nxc5 bxc5 57. b6 d3 58. b7 Nc6 0-1

[Event "Mezinarodni turnaj - CALLIDITAS OPEN"]
[Site "Plzen"]
[Date "2020.08.29"]
[Round "8.31"]
[White "Fakan, Petr"]
[Black "Roubal, Frantisek"]
[Result "1/2-1/2"]
[WhiteElo "1360"]
[BlackElo "1208"]
[PlyCount "60"]
[EventDate "2020.08.23"]

1. e4 e6 2. Nf3 d5 3. e5 c5 4. d4 h6 5. Be3 Qb6 6. Nc3 a6 7. Rb1 Nc6 8. Be2
cxd4 9. Bxd4 Nxd4 10. Nxd4 Bc5 11. Na4 Qa5+ 12. c3 Bd7 13. Nxc5 Qxc5 14. O-O
Ne7 15. Kh1 O-O 16. Qb3 b5 17. Qc2 Nc6 18. Qd3 Rac8 19. b4 Qa7 20. f4 Nxd4 21.
cxd4 Rc4 22. Rfd1 Rfc8 23. Qe3 Rc3 24. Rd3 Qc7 25. Rxc3 Qxc3 26. Bd3 Rc4 27.
Rd1 Rxd4 28. Qxd4 Qxd4 29. Bh7+ Kxh7 30. Rxd4 Kg6 1/2-1/2

[Event "Mezinarodni turnaj - CALLIDITAS OPEN"]
[Site "Plzen"]
[Date "2020.08.30"]
[Round "9.1"]
[White "Chval, Zdenek"]
[Black "Eret, Matous"]
[Result "0-1"]
[WhiteElo "1676"]
[BlackElo "2195"]
[PlyCount "74"]
[EventDate "2020.08.23"]

1. e4 c5 2. Nf3 e6 3. d4 cxd4 4. Nxd4 a6 5. c4 Nf6 6. Nc3 d6 7. Be3 Be7 8. Be2
Nc6 9. O-O Bd7 10. Qd2 O-O 11. f3 Rc8 12. b3 Qc7 13. g4 h6 14. Rf2 Nh7 15. Rg2
Nxd4 16. Bxd4 Bc6 17. Qe3 Bg5 18. f4 e5 19. fxg5 exd4 20. Qxd4 Nxg5 21. Rd1
Rce8 22. Qxd6 Qb6+ 23. Qd4 Qa5 24. h4 Nxe4 25. Nxe4 Rxe4 26. Qd2 Qc5+ 27. Kf1
Re3 28. Rf2 Rh3 29. Ke1 Rxh4 30. Qd6 Qe3 31. Qd3 Qe7 32. Qg3 Qb4+ 33. Rd2 Rh1+
34. Rf1 Rd8 35. Qf4 Rxf1+ 36. Bxf1 Qc3 37. Be2 g5 0-1

[Event "Mezinarodni turnaj - CALLIDITAS OPEN"]
[Site "Plzen"]
[Date "2020.08.30"]
[Round "9.2"]
[White "Palek, Miroslav"]
[Black "Seterle, Matej"]
[Result "1-0"]
[WhiteElo "2158"]
[BlackElo "1745"]
[PlyCount "107"]
[EventDate "2020.08.23"]

1. d4 f5 2. Bg5 g6 3. e3 Bg7 4. Nf3 Nf6 5. Nbd2 d6 6. Bd3 O-O 7. e4 fxe4 8.
Nxe4 Qe8 9. h3 Nbd7 10. O-O e5 11. Re1 Nxe4 12. Bxe4 Qf7 13. dxe5 Nxe5 14. Bd5
Be6 15. Bxe6 Qxe6 16. Nxe5 dxe5 17. c3 Kh8 18. Qb3 Qf5 19. Be3 b6 20. Qc4 c5
21. Red1 Rad8 22. Qe2 e4 23. Qa6 Rd7 24. Qa4 Rfd8 25. Rxd7 Rxd7 26. Rd1 b5 27.
Rxd7 bxa4 28. Rd8+ Qf8 29. Rxf8+ Bxf8 30. Kf1 Kg7 31. Ke2 Kf6 32. Kd2 Ke6 33.
c4 Kd6 34. f3 exf3 35. gxf3 Bg7 36. b3 a3 37. Kd3 a6 38. Ke4 h6 39. Bc1 Bd4 40.
Bxh6 Ke6 41. Be3 Bxe3 42. Kxe3 Ke5 43. f4+ Kf6 44. Ke4 Ke6 45. f5+ gxf5+ 46.
Kf4 Kf6 47. h4 Kg6 48. h5+ Kxh5 49. Kxf5 a5 50. Ke5 Kg5 51. Kd5 Kf5 52. Kxc5
Ke5 53. Kb5 Kd4 54. Ka4 1-0

[Event "Mezinarodni turnaj - CALLIDITAS OPEN"]
[Site "Plzen"]
[Date "2020.08.30"]
[Round "9.3"]
[White "Haba, Zdenek"]
[Black "Vilimek, Vit"]
[Result "1-0"]
[WhiteElo "2163"]
[BlackElo "1761"]
[PlyCount "75"]
[EventDate "2020.08.23"]

1. d4 Nf6 2. c4 e5 3. dxe5 Ng4 4. Bf4 g5 5. Bd2 Nxe5 6. Bc3 Bg7 7. e3 O-O 8. h4
g4 9. Bxe5 Bxe5 10. Qxg4+ Kh8 11. Nc3 d6 12. Qg5 f6 13. Qh5 f5 14. Bd3 Nc6 15.
Nf3 Nb4 16. O-O-O Bxc3 17. bxc3 Nxd3+ 18. Rxd3 Qe7 19. Ng5 Be6 20. Rd4 Bg8 21.
Rhd1 Qe5 22. Qe2 Qc5 23. Rf4 b5 24. cxb5 Qxc3+ 25. Qc2 Qxc2+ 26. Kxc2 Rab8 27.
a4 a6 28. Rb1 axb5 29. Rxb5 Rxb5 30. axb5 h6 31. Nf3 Bd5 32. Kc3 Be4 33. g4 Kg7
34. Nd4 Bb1 35. Ne6+ Kf7 36. Nxf8 Kxf8 37. gxf5 Kf7 38. Rc4 1-0

[Event "Mezinarodni turnaj - CALLIDITAS OPEN"]
[Site "Plzen"]
[Date "2020.08.30"]
[Round "9.4"]
[White "Kozak, Milos"]
[Black "Pacl, Vaclav"]
[Result "1-0"]
[WhiteElo "2135"]
[BlackElo "2021"]
[PlyCount "89"]
[EventDate "2020.08.23"]

1. Nf3 e6 2. c4 f5 3. g3 Nf6 4. Bg2 Be7 5. O-O O-O 6. Nc3 d6 7. b4 Qe8 8. d3
Qh5 9. e3 e5 10. Nd2 Qh6 11. Nd5 Bd8 12. Nxf6+ Bxf6 13. Bb2 Nc6 14. b5 Nd8 15.
Rc1 Ne6 16. Nb3 f4 17. exf4 exf4 18. Bxf6 Qxf6 19. Qd2 f3 20. Bh1 a6 21. Rfe1
axb5 22. cxb5 Bd7 23. Re3 Bxb5 24. Rxf3 Qe7 25. Re3 Qf6 26. Bd5 Rae8 27. Qe2
Kh8 28. Bxe6 Bxd3 29. Rxd3 Rxe6 30. Re3 Rxe3 31. Qxe3 c6 32. Re1 h6 33. Qd4 Qf7
34. Re2 d5 35. f4 Qf5 36. Nc5 Ra8 37. Ne6 Qg4 38. f5 Qxd4+ 39. Nxd4 c5 40. Ne6
b6 41. Rb2 c4 42. Rxb6 Rc8 43. Rb2 c3 44. Rc2 Rc4 45. Kf2 1-0

[Event "Mezinarodni turnaj - CALLIDITAS OPEN"]
[Site "Plzen"]
[Date "2020.08.30"]
[Round "9.5"]
[White "Bullen, Alex"]
[Black "Vantuch, Lucian"]
[Result "1-0"]
[WhiteElo "2116"]
[BlackElo "1966"]
[PlyCount "91"]
[EventDate "2020.08.23"]

1. d4 Nf6 2. Nf3 e6 3. g3 b6 4. Bg2 Bb7 5. O-O d6 6. c4 Nbd7 7. b3 g6 8. Bb2
Bg7 9. Nc3 O-O 10. Qc2 d5 11. cxd5 exd5 12. Ba3 Re8 13. Rac1 Ne4 14. e3 Nxc3
15. Qxc3 c6 16. Rc2 a5 17. Rfc1 a4 18. b4 b5 19. Bb2 Nb6 20. Ne5 Nc4 21. Nxc4
bxc4 22. a3 Bc8 23. e4 Ra7 24. Re2 Rae7 25. Rce1 Qb6 26. Re3 Qb7 27. exd5 Rxe3
28. Rxe3 Rxe3 29. Qxe3 cxd5 30. Qe8+ Bf8 31. Bxd5 Qxd5 32. Qxc8 Kg7 33. Qe8 Bd6
34. Qxa4 Be7 35. Qc2 Bf6 36. Qd2 Qe4 37. Bc3 Qb1+ 38. Kg2 Kg8 39. a4 Qe4+ 40.
f3 Qe8 41. a5 h6 42. Qa2 Qe3 43. a6 Qxc3 44. a7 Bxd4 45. a8=Q+ Kg7 46. Qe4 1-0

[Event "Mezinarodni turnaj - CALLIDITAS OPEN"]
[Site "Plzen"]
[Date "2020.08.30"]
[Round "9.6"]
[White "Novacek, Karel"]
[Black "Tscharotschkin, Michael"]
[Result "1-0"]
[WhiteElo "2030"]
[BlackElo "2174"]
[PlyCount "107"]
[EventDate "2020.08.23"]

1. e4 e6 2. d4 d5 3. Nc3 Bb4 4. Nge2 dxe4 5. a3 Bxc3+ 6. Nxc3 Nc6 7. d5 exd5 8.
Qxd5 Be6 9. Qxd8+ Rxd8 10. Bb5 Nge7 11. Bg5 f6 12. Bf4 Kf7 13. Nxe4 Bd5 14. f3
Nd4 15. Bd3 Ne6 16. Be3 Nf5 17. Bd2 Nd6 18. Nxd6+ Rxd6 19. O-O-O Rhd8 20. Rhe1
g6 21. h4 Nc5 22. Bb4 Nxd3+ 23. Rxd3 R6d7 24. Rde3 Bc6 25. Re7+ Kg8 26. Ba5
Rxe7 27. Rxe7 Rd7 28. Rxd7 Bxd7 29. Bxc7 Kf7 30. Kd2 Ke6 31. c4 a6 32. Kc3 Bc6
33. Kd4 Kd7 34. Ba5 b5 35. Kc5 bxc4 36. Kxc4 Kd6 37. Bb4+ Kc7 38. Be7 f5 39.
Bf8 h5 40. Kd4 Be8 41. Ke5 Kc6 42. Ke6 f4 43. Bh6 a5 44. b4 axb4 45. axb4 Kb5
46. Ke7 Bc6 47. Kf7 Kxb4 48. Kxg6 Be8+ 49. Kf6 Kc4 50. Ke5 Kd3 51. Bxf4 Ke2 52.
Bg5 Kf2 53. f4 Kxg2 54. Ke6 1-0

[Event "Mezinarodni turnaj - CALLIDITAS OPEN"]
[Site "Plzen"]
[Date "2020.08.30"]
[Round "9.7"]
[White "Nosek, Jan"]
[Black "Bechynsky, Jan"]
[Result "0-1"]
[WhiteElo "1968"]
[BlackElo "1955"]
[PlyCount "72"]
[EventDate "2020.08.23"]

1. e4 Nf6 2. e5 Nd5 3. d4 d6 4. Nf3 Bg4 5. Be2 e6 6. O-O Be7 7. h3 Bxf3 8. Bxf3
Nc6 9. c4 Nb6 10. exd6 cxd6 11. d5 exd5 12. Bxd5 O-O 13. Na3 Bf6 14. Rb1 Qd7
15. Be3 Nxd5 16. Qxd5 Ne7 17. Qd3 Rfd8 18. Rfd1 d5 19. Bc5 d4 20. Bxe7 Qxe7 21.
Nc2 Rd7 22. a3 g6 23. Nb4 Qd6 24. Rbc1 Rc8 25. Nd5 Bg7 26. b4 b5 27. Ne3 bxc4
28. Rxc4 Rdc7 29. Rdc1 Rxc4 30. Rxc4 Rxc4 31. Nxc4 Qf4 32. Qd2 Qe4 33. Nb2 Qb1+
34. Nd1 d3 35. Kh2 Qc2 36. Qe1 Qe2 0-1

[Event "Mezinarodni turnaj - CALLIDITAS OPEN"]
[Site "Plzen"]
[Date "2020.08.30"]
[Round "9.8"]
[White "Kubat, Miroslav"]
[Black "Folkova, Martina"]
[Result "0-1"]
[WhiteElo "2019"]
[BlackElo "2001"]
[PlyCount "40"]
[EventDate "2020.08.23"]

1. e4 e5 2. f4 d5 3. exd5 e4 4. d3 Nf6 5. dxe4 Nxe4 6. Qe2 Qxd5 7. Nf3 Be7 8.
c4 Qa5+ 9. Nbd2 Nf6 10. Nd4 O-O 11. Qe5 Qb6 12. Be2 Bd6 13. Qe3 Re8 14. Qd3
Bxf4 15. N2b3 Qb4+ 16. Kf1 Bxc1 17. Rxc1 Qe7 18. Bf3 Nbd7 19. Kf2 Ne5 20. Qd1
Neg4+ 0-1

[Event "Mezinarodni turnaj - CALLIDITAS OPEN"]
[Site "Plzen"]
[Date "2020.08.30"]
[Round "9.9"]
[White "Arndt, Stefan"]
[Black "Cizek, Jan"]
[Result "1-0"]
[WhiteElo "2168"]
[BlackElo "1645"]
[PlyCount "29"]
[EventDate "2020.08.23"]

1. e4 e5 2. f4 exf4 3. Nf3 g5 4. Nc3 Bg7 5. d4 d6 6. g3 g4 7. Nh4 f3 8. Be3 Nc6
9. Qd2 Bd7 10. O-O-O Qf6 11. Nd5 Qd8 12. Re1 Nge7 13. Bg5 O-O 14. Bf6 Re8 15.
Qg5 1-0

[Event "Mezinarodni turnaj - CALLIDITAS OPEN"]
[Site "Plzen"]
[Date "2020.08.30"]
[Round "9.10"]
[White "Jares, Michal"]
[Black "Novotny, Ondrej"]
[Result "1-0"]
[WhiteElo "1906"]
[BlackElo "2031"]
[PlyCount "85"]
[EventDate "2020.08.23"]

1. Nf3 c5 2. g3 Nc6 3. Bg2 e5 4. d3 f5 5. e4 d6 6. Nh4 fxe4 7. Qh5+ g6 8. Nxg6
Nf6 9. Qh4 hxg6 10. Qxh8 exd3 11. Bh6 Kf7 12. Qxf8+ Qxf8 13. Bxf8 Kxf8 14. cxd3
Nb4 15. Kd2 Bf5 16. Bf1 e4 17. a3 Nxd3 18. Bxd3 exd3 19. Nc3 d5 20. f3 d4 21.
Nb5 Nd5 22. Nd6 Ne3 23. Nxf5 gxf5 24. Kxd3 Rd8 25. b3 b5 26. Rac1 Rd5 27. a4 a6
28. h4 Kg7 29. axb5 axb5 30. g4 fxg4 31. fxg4 Kh6 32. Rcg1 c4+ 33. bxc4 bxc4+
34. Ke4 Rd7 35. g5+ Kh5 36. g6 Rg7 37. Rg5+ Kh6 38. Kxd4 Nc2+ 39. Kc3 Ne3 40.
Re1 Re7 41. g7 Nd5+ 42. Rxd5 Rxe1 43. g8=Q 1-0

[Event "Mezinarodni turnaj - CALLIDITAS OPEN"]
[Site "Plzen"]
[Date "2020.08.30"]
[Round "9.12"]
[White "Bassani, Eduardo"]
[Black "Toman, Jan"]
[Result "1/2-1/2"]
[WhiteElo "1957"]
[BlackElo "1724"]
[PlyCount "60"]
[EventDate "2020.08.23"]

1. c4 e6 2. d4 d5 3. Nf3 Nf6 4. g3 Be7 5. Bg2 dxc4 6. O-O O-O 7. Qc2 a6 8. Nbd2
Nc6 9. Qxc4 Bd7 10. a3 b5 11. Qc2 Rb8 12. b4 a5 13. bxa5 Nxa5 14. Bb2 Rc8 15.
Bc3 c5 16. Bxa5 Qxa5 17. Nb3 Qa4 18. dxc5 Bxc5 19. Qb2 Bb6 20. Rfc1 Rxc1+ 21.
Rxc1 b4 22. axb4 Qxb4 23. Rb1 Rc8 24. Ne5 Ba4 25. Nd3 Qxb3 26. Qxb3 Bxb3 27.
Rxb3 Nd7 28. Bf3 Bd8 29. Rb7 Rc7 30. Rxc7 Bxc7 1/2-1/2

[Event "Mezinarodni turnaj - CALLIDITAS OPEN"]
[Site "Plzen"]
[Date "2020.08.30"]
[Round "9.13"]
[White "Klabenes, Petr"]
[Black "Hrdlica, Pavel"]
[Result "1/2-1/2"]
[WhiteElo "1660"]
[BlackElo "1952"]
[PlyCount "83"]
[EventDate "2020.08.23"]

1. e4 e6 2. f4 d5 3. e5 c5 4. b4 c4 5. d4 cxd3 6. cxd3 Bxb4+ 7. Bd2 Qa5 8. Nf3
Nc6 9. d4 Nh6 10. Bd3 Bd7 11. O-O Bxd2 12. Nbxd2 O-O 13. Nb3 Qb6 14. Kh1 f6 15.
Nc5 Bc8 16. Rb1 Qc7 17. Qc2 f5 18. Ng5 Nxd4 19. Qc3 b6 20. Nce4 Qxc3 21. Nxc3
Ng4 22. Rbc1 Rb8 23. Nf3 Nxf3 24. Rxf3 Bb7 25. Nb5 Ba6 26. h3 Nh6 27. Nxa7 Bxd3
28. Rxd3 Nf7 29. Nc6 Ra8 30. Rb3 Rxa2 31. Rxb6 g5 32. Ne7+ Kh8 33. Rxe6 gxf4
34. Nxd5 f3 35. gxf3 Ng5 36. Nb4 Rb2 37. Rf6 Nxf3 38. Rxf8+ Kg7 39. Nc2 Kxf8
40. Rf1 Nxe5 41. Rxf5+ Nf7 42. Rf2 1/2-1/2

[Event "Mezinarodni turnaj - CALLIDITAS OPEN"]
[Site "Plzen"]
[Date "2020.08.30"]
[Round "9.14"]
[White "Cipl, Jan"]
[Black "Ondrejat, Miroslav"]
[Result "0-1"]
[WhiteElo "1634"]
[BlackElo "1950"]
[PlyCount "33"]
[EventDate "2020.08.23"]

1. e4 d6 2. d4 Nf6 3. Nc3 g6 4. Bc4 Bg7 5. Nf3 O-O 6. O-O c6 7. e5 Ne8 8. exd6
Nxd6 9. Bb3 Bg4 10. d5 cxd5 11. Bxd5 e6 12. Bb3 Nc6 13. h3 Bxf3 14. Qxf3 Nd4
15. Qg3 Rc8 16. Bf4 Rxc3 17. Qg4 0-1

[Event "Mezinarodni turnaj - CALLIDITAS OPEN"]
[Site "Plzen"]
[Date "2020.08.30"]
[Round "9.15"]
[White "Navratil, Ladislav"]
[Black "Nandi, Robin J"]
[Result "1-0"]
[WhiteElo "1746"]
[BlackElo "1902"]
[PlyCount "40"]
[EventDate "2020.08.23"]

1. c4 e5 2. g3 Nf6 3. Bg2 Nc6 4. Nc3 Bb4 5. a3 Bxc3 6. bxc3 e4 7. f3 d5 8. cxd5
Qxd5 9. fxe4 Qc5 10. Bb2 O-O 11. d4 Qb5 12. Rb1 Re8 13. Qd3 Qa5 14. Nh3 Nxe4
15. O-O Bf5 16. Rf4 Nxg3 17. e4 Bxh3 18. Bxh3 Nh5 19. Rf5 Qxf5 20. Bxf5 Nf6 1-0

[Event "Mezinarodni turnaj - CALLIDITAS OPEN"]
[Site "Plzen"]
[Date "2020.08.30"]
[Round "9.16"]
[White "Svanda, Adam"]
[Black "Langmajer, Jan"]
[Result "1/2-1/2"]
[WhiteElo "1852"]
[BlackElo "1716"]
[PlyCount "143"]
[EventDate "2020.08.23"]

1. c4 e6 2. g3 d5 3. Bg2 Nf6 4. Nf3 Be7 5. O-O O-O 6. b3 Ne4 7. Bb2 Bf6 8. Qc2
Bxb2 9. Qxb2 Qf6 10. Qxf6 Nxf6 11. Nc3 c6 12. d4 Nbd7 13. Nd2 Rd8 14. e3 Nb6
15. Rfd1 a5 16. f4 a4 17. c5 Nbd7 18. Nxa4 Ng4 19. Re1 f5 20. h3 Ngf6 21. Nc3
Kf7 22. a4 Rg8 23. Nf3 h6 24. Ne5+ Nxe5 25. fxe5 Ne4 26. Nxe4 dxe4 27. b4 Bd7
28. Bf1 Ra7 29. Ra3 Rga8 30. Rea1 g5 31. a5 h5 32. a6 bxa6 33. Rxa6 Rxa6 34.
Rxa6 Rxa6 35. Bxa6 h4 36. Kf2 Ke7 37. Bc4 Kd8 38. Ba2 Ke7 39. Bb3 Be8 40. Ba4
Kd8 41. g4 fxg4 42. hxg4 Ke7 43. Bb3 Bf7 44. Bc4 Be8 45. Bf1 Kd8 46. Bg2 Bg6
47. Ke2 Kc7 48. Kd2 Kd8 49. Kc3 Kc7 50. Kb3 Kb7 51. Ka4 Ka6 52. Bf1+ Kb7 53.
Bh3 Kb8 54. Bg2 Kc7 55. Ka5 Kb7 56. Bf1 Bf7 57. Ka4 Kc7 58. Bh3 Be8 59. Bf1 Bf7
60. Ka5 Kb7 61. b5 cxb5 62. Bxb5 h3 63. Bf1 h2 64. Bg2 Be8 65. Kb4 Bc6 66. Bh1
Ka6 67. Bg2 Kb7 68. Kc3 Ka6 69. Kd2 Kb5 70. Ke1 Kc4 71. Kd2 Kb4 72. Kc2 1/2-1/2

[Event "Mezinarodni turnaj - CALLIDITAS OPEN"]
[Site "Plzen"]
[Date "2020.08.30"]
[Round "9.17"]
[White "Teply Koutsky, David"]
[Black "Vachal, Josef"]
[Result "1/2-1/2"]
[WhiteElo "1512"]
[BlackElo "1808"]
[PlyCount "91"]
[EventDate "2020.08.23"]

1. d4 Nf6 2. c4 g6 3. Nc3 d5 4. cxd5 Nxd5 5. Bd2 Bg7 6. e4 Nxc3 7. Bxc3 O-O 8.
h3 e6 9. Bc4 c5 10. d5 Bxc3+ 11. bxc3 Qa5 12. Qb3 exd5 13. Bxd5 Nd7 14. Nf3 Nb6
15. O-O Bd7 16. Ne5 c4 17. Nxc4 Nxc4 18. Bxc4 Rac8 19. Bd5 Rxc3 20. Qxb7 Bb5
21. Rfc1 Bd3 22. Qe7 Bc2 23. Qe5 Qc7 24. Qxc7 Rxc7 25. Bb3 Rfc8 26. Rxc2 Rxc2
27. Bxc2 Rxc2 28. f3 Kf8 29. Kh2 Ke7 30. Kg3 a5 31. a3 Rc3 32. Kf4 f6 33. h4 a4
34. Ra2 Ke6 35. Kg4 h5+ 36. Kf4 Rb3 37. g4 hxg4 38. fxg4 Rh3 39. Ra1 Rxh4 40.
Kg3 Rh7 41. Rc1 Rb7 42. g5 Rb3+ 43. Kf4 fxg5+ 44. Kxg5 Ke5 45. Kxg6 Rxa3 46.
Rc4 1/2-1/2

[Event "Mezinarodni turnaj - CALLIDITAS OPEN"]
[Site "Plzen"]
[Date "2020.08.30"]
[Round "9.18"]
[White "Mlcak, Viktor"]
[Black "Roubal, Matyas"]
[Result "1/2-1/2"]
[WhiteElo "1803"]
[BlackElo "1471"]
[PlyCount "99"]
[EventDate "2020.08.23"]

1. e4 e5 2. Nc3 Nf6 3. Bc4 Nxe4 4. Qh5 Nd6 5. Qxe5+ Qe7 6. Qxe7+ Bxe7 7. Bb3
O-O 8. Nf3 Nc6 9. Nd5 Bd8 10. O-O b6 11. c3 Bb7 12. Bc2 Nd4 13. Nxd4 Bxd5 14.
d3 Re8 15. Bf4 Be7 16. Rfe1 a6 17. Nb3 Bf8 18. c4 Bc6 19. Nd2 f6 20. d4 Rxe1+
21. Rxe1 Re8 22. Rxe8 Nxe8 23. d5 Bb7 24. Bf5 Bc8 25. h4 g6 26. Bg4 Bd6 27. Be3
Bc5 28. Bxc5 bxc5 29. f4 f5 30. Bd1 d6 31. Kf2 Kf7 32. Ba4 Ke7 33. Bc6 Nf6 34.
Nb3 Nd7 35. Na5 Nb8 36. Ba4 Bd7 37. Bxd7 Kxd7 38. Ke3 c6 39. Kd3 cxd5 40. cxd5
Kc7 41. Nc4 Nd7 42. g3 Nb6 43. Ne3 h5 44. a3 a5 45. b3 Kb7 46. Kc3 Ka6 47. a4
Kb7 48. Kd3 Kc7 49. Nc4 Nxc4 50. bxc4 1/2-1/2

[Event "Mezinarodni turnaj - CALLIDITAS OPEN"]
[Site "Plzen"]
[Date "2020.08.30"]
[Round "9.19"]
[White "Mastny, Theodor"]
[Black "Chudek, Lubomir"]
[Result "1-0"]
[WhiteElo "1440"]
[BlackElo "1785"]
[PlyCount "55"]
[EventDate "2020.08.23"]

1. d4 Nf6 2. c4 g6 3. Nc3 Bg7 4. Bf4 O-O 5. e4 d6 6. h3 Nc6 7. Nf3 Nxd4 8. Qxd4
e5 9. Nxe5 dxe5 10. Bxe5 Qxd4 11. Bxd4 Nxe4 12. Bxg7 Kxg7 13. Nxe4 Re8 14. f3
f5 15. Bd3 fxe4 16. Bxe4 Bf5 17. O-O-O Bxe4 18. fxe4 Rxe4 19. Rd7+ Kh6 20. Rxc7
Re2 21. g4 Rd8 22. Rxb7 Rdd2 23. Kb1 a5 24. Rc1 a4 25. a3 Kg5 26. c5 Kh4 27. c6
Re8 28. c7 1-0

[Event "Mezinarodni turnaj - CALLIDITAS OPEN"]
[Site "Plzen"]
[Date "2020.08.30"]
[Round "9.20"]
[White "Soutner, Jaroslav"]
[Black "Schubert, Gerhard"]
[Result "0-1"]
[WhiteElo "1726"]
[BlackElo "1976"]
[PlyCount "126"]
[EventDate "2020.08.23"]

1. e4 d6 2. d4 Nf6 3. Nc3 Nbd7 4. Nf3 e5 5. dxe5 dxe5 6. a3 c6 7. Bc4 Be7 8.
O-O O-O 9. Bg5 h6 10. Bh4 Re8 11. Qe2 Qc7 12. Rfd1 Nf8 13. Rd2 Nh5 14. Bxe7 Nf4
15. Qe3 Qxe7 16. Ne2 g5 17. g3 N4g6 18. Kg2 Kg7 19. Rh1 g4 20. Nfg1 Ne6 21. h3
gxh3+ 22. Nxh3 b5 23. Ba2 Bb7 24. Rhd1 Rad8 25. Qxa7 c5 26. f3 Qc7 27. Rxd8
Nxd8 28. b4 cxb4 29. Bb3 bxa3 30. Qxa3 Nc6 31. Qc5 b4 32. Bd5 Rd8 33. Rb1 Qe7
34. Qxe7 Ngxe7 35. c4 Ra8 36. Rb2 Ra3 37. Nf2 Ba6 38. Nc1 Kf6 39. Nfd3 Rc3 40.
Kf2 Bxc4 41. Bxc4 Rxc4 42. Na2 b3 43. Nac1 Rc2+ 44. Ke3 Rxb2 45. Nxb2 Na5 46.
Ncd3 Nc8 47. Kd2 h5 48. Kc3 Nc6 49. Nc4 Nd4 50. Nd2 Ne2+ 51. Kxb3 Nxg3 52. Nf2
Kg5 53. Nh3+ Kh4 54. Nf2 Ne2 55. Nf1 Nd6 56. Nd3 Nd4+ 57. Kb4 Nxf3 58. Kc5
Nxe4+ 59. Kd5 Ng3 60. Ne3 f5 61. Nxe5 Nxe5 62. Kxe5 Kg5 63. Nc2 Kg4 0-1

[Event "Mezinarodni turnaj - CALLIDITAS OPEN"]
[Site "Plzen"]
[Date "2020.08.30"]
[Round "9.21"]
[White "Janecek, Pavel"]
[Black "Kratochvilova, Magdalena"]
[Result "1-0"]
[WhiteElo "1900"]
[BlackElo "1580"]
[PlyCount "157"]
[EventDate "2020.08.23"]

1. e4 c5 2. Nf3 Nc6 3. d4 cxd4 4. Nxd4 g6 5. c4 Bg7 6. Be3 Nf6 7. Nc3 Ng4 8.
Qxg4 Nxd4 9. Qd1 Nc6 10. Be2 O-O 11. O-O d6 12. Qd2 Bd7 13. f4 Re8 14. Rac1 Rc8
15. b3 Qa5 16. g4 Nd8 17. h3 Bc6 18. Bd3 Ne6 19. Bb1 Nc5 20. Bd4 e5 21. fxe5
dxe5 22. Be3 Rcd8 23. Qf2 Nd3 24. Bxd3 Rxd3 25. Nd5 Bxd5 26. exd5 f6 27. Rfd1
Rxd1+ 28. Rxd1 Rd8 29. Rd2 Qc3 30. Kg2 a6 31. Qe2 Bf8 32. Rd3 Qa5 33. Qf2 Re8
34. Qxf6 Qxa2+ 35. Qf2 Qb1 36. Qd2 e4 37. Rc3 Bd6 38. c5 Rf8 39. Rc1 Qxb3 40.
cxd6 Qb5 41. Re1 Qd7 42. Rf1 Rxf1 43. Kxf1 Qxd6 44. Bf4 Qa3 45. Qe3 Qa1+ 46.
Kg2 Qa2+ 47. Kg3 Qxd5 48. Qc3 Qd3+ 49. Qxd3 exd3 50. Kf3 Kf7 51. Ke4 Ke6 52.
Kd4 b5 53. Kc5 h5 54. Kd4 a5 55. Kxd3 Kd5 56. Bc7 a4 57. Kc3 a3 58. Kb3 b4 59.
Ba5 hxg4 60. hxg4 a2 61. Kxa2 Kc4 62. Kb2 Kb5 63. Bd8 Kc4 64. g5 b3 65. Be7 Kd5
66. Kxb3 Ke6 67. Bf6 Kd7 68. Kb4 Kc6 69. Kc4 Kd6 70. Kd4 Ke6 71. Kc5 Kd7 72.
Kd5 Ke8 73. Ke6 Kf8 74. Be5 Kg8 75. Kf6 Kh7 76. Bf4 Kh8 77. Kxg6 Kg8 78. Be5
Kf8 79. Kh7 1-0

[Event "Mezinarodni turnaj - CALLIDITAS OPEN"]
[Site "Plzen"]
[Date "2020.08.30"]
[Round "9.22"]
[White "Berka, Lubos"]
[Black "Molnar, Ladislav"]
[Result "1/2-1/2"]
[WhiteElo "1695"]
[BlackElo "1698"]
[PlyCount "61"]
[EventDate "2020.08.23"]

1. e4 e6 2. d4 c5 3. Nf3 cxd4 4. Nxd4 Nc6 5. Nc3 Bb4 6. Nxc6 Bxc3+ 7. bxc3 bxc6
8. Qd4 Qf6 9. Ba3 e5 10. Qd6 Qxd6 11. Bxd6 f6 12. Bd3 Nh6 13. Rb1 Nf7 14. Rb8
Rxb8 15. Bxb8 a6 16. Ke2 Ke7 17. Ba7 d5 18. Rb1 Kd7 19. Rb6 Nd6 20. exd5 cxd5
21. Rb8 Nc4 22. Bxc4 dxc4 23. Rb4 Re8 24. Rxc4 Re6 25. Be3 Rc6 26. Rxc6 Kxc6
27. a3 Kd5 28. Kd2 f5 29. g3 Kc4 30. f4 e4 31. Bd4 1/2-1/2

[Event "Mezinarodni turnaj - CALLIDITAS OPEN"]
[Site "Plzen"]
[Date "2020.08.30"]
[Round "9.23"]
[White "Lorenc, David"]
[Black "Nagyova, Daniela"]
[Result "1/2-1/2"]
[WhiteElo "1772"]
[BlackElo "1572"]
[PlyCount "60"]
[EventDate "2020.08.23"]

1. e4 e5 2. Nf3 Nc6 3. Nc3 Nf6 4. d4 exd4 5. Nd5 Be7 6. Nxd4 O-O 7. Nb5 Nxd5 8.
exd5 Ne5 9. Be2 d6 10. Nd4 Bf6 11. O-O Re8 12. c3 Qd7 13. Bf4 c6 14. Bf3 Nxf3+
15. Nxf3 Be5 16. Bxe5 dxe5 17. dxc6 Qxc6 18. Re1 Bg4 19. Rxe5 Bxf3 20. Rxe8+
Rxe8 21. Qxf3 Qxf3 22. gxf3 Re2 23. b3 Kf8 24. Kg2 Ke7 25. c4 Rb2 26. f4 Kf6
27. Kf3 Ke6 28. Re1+ Kd7 29. Re2 Rb1 30. Kg4 Rg1+ 1/2-1/2

[Event "Mezinarodni turnaj - CALLIDITAS OPEN"]
[Site "Plzen"]
[Date "2020.08.30"]
[Round "9.24"]
[White "Schoeppe, Christian"]
[Black "Novotny, Jaromir"]
[Result "1/2-1/2"]
[WhiteElo "1528"]
[BlackElo "1737"]
[PlyCount "68"]
[EventDate "2020.08.23"]

1. Nf3 c5 2. e4 g6 3. g3 Bg7 4. c3 Nc6 5. d4 cxd4 6. cxd4 d6 7. Bb5 Bd7 8. O-O
a6 9. Be2 Nf6 10. Nc3 O-O 11. Bf4 Ne8 12. Qd2 Bg4 13. d5 Bxf3 14. Bxf3 Ne5 15.
Be2 Nd7 16. Rac1 Nc5 17. f3 Qa5 18. a3 Nb3 19. Qe3 Nxc1 20. Rxc1 Rc8 21. Kg2
Bxc3 22. bxc3 Qc5 23. Qd3 Qxa3 24. Bh6 Ng7 25. h4 Rfd8 26. g4 Qc5 27. Kh3 Rd7
28. h5 e5 29. dxe6 Nxe6 30. hxg6 fxg6 31. Be3 Qe5 32. Qd2 Rf7 33. Bd4 Qf4 34.
Be3 Qf6 1/2-1/2